|
|
|
|
| LEADER |
00000nam0a2200000 4500 |
| 001 |
186793 |
| 005 |
20231101224019.0 |
| 010 |
|
|
|a 9785406011805
|
| 035 |
|
|
|a (RuTPU)RU\TPU\book\202660
|
| 035 |
|
|
|a RU\TPU\book\64995
|
| 035 |
|
|
|a RU\TPU\book\89082
|
| 035 |
|
|
|a RU\TPU\book\130260
|
| 035 |
|
|
|a RU\TPU\book\179733
|
| 090 |
|
|
|a 186793
|
| 100 |
|
|
|a 20051007d2011 m y0rusy50 ca
|
| 101 |
0 |
|
|a rus
|
| 102 |
|
|
|a RU
|
| 105 |
|
|
|a a j 001zy
|
| 200 |
1 |
|
|a Микроэкономика. Теория и российская практика
|e учебник для вузов
|f Финансовая академия при Правительстве Российской Федерации; под ред. А. Г. Грязновой, А. Ю. Юданова
|
| 205 |
|
|
|a 9-е изд., стер.
|
| 210 |
|
|
|a Москва
|c КноРус
|d 2011
|
| 215 |
|
|
|a 619 с.
|c ил.
|
| 320 |
|
|
|a Библиография: с. 619.
|
| 320 |
|
|
|a Глоссарий: с. 581-618.
|
| 330 |
|
|
|a Учебник представляет собой соответствующий Государственному образовательному стандарту курс микроэкономики, главной особенностью которого является ориентация на экономику России. Освещаются острейшие проблемы отечественной экономики. Особое внимание сосредоточено на конкретных примерах из российской хозяйственной практики. В 6-е издание внесены необходимые изменения, в качестве дополнения приведен обширный глоссарий, который поможет хорошо ориентироваться в тексте и даст необходимую для изучения предмета терминологическую основу. Для студентов, аспирантов и преподавателей экономических факультетов и вузов, а также слушателей системы послевузовского обучения; благодаря доступному изложению учебник может быть использован в режиме самообучения.
|
| 451 |
|
1 |
|0 (RuTPU)RU\TPU\book\130260
|y 5-85971-704-0
|t Микроэкономика. Теория и российская практика
|o учебник для вузов
|f Финансовая академия при Правительстве Российской Федерации; под ред. А. Г. Грязновой, А. Ю. Юданова
|e 7-е изд., стер.
|c Москва
|n КноРус
|d 2007
|p 624 с.
|
| 451 |
|
|
|y 978-5-85971-704-0
|
| 606 |
1 |
|
|a Микроэкономика
|2 stltpush
|3 (RuTPU)RU\TPU\subj\36419
|9 57809
|
| 607 |
|
|
|a Россия
|
| 610 |
1 |
|
|a экономика
|
| 610 |
1 |
|
|a экономическая теория
|
| 610 |
1 |
|
|a рыночная экономика
|
| 610 |
1 |
|
|a деньги
|
| 610 |
1 |
|
|a спрос
|
| 610 |
1 |
|
|a предложения
|
| 610 |
1 |
|
|a рыночное равновесие
|
| 610 |
1 |
|
|a издержки
|
| 610 |
1 |
|
|a фирмы
|
| 610 |
1 |
|
|a конкуренция
|
| 610 |
1 |
|
|a современная конкуренция
|
| 610 |
1 |
|
|a монополистичекая конкуренция
|
| 610 |
1 |
|
|a олигополия
|
| 610 |
1 |
|
|a монополии
|
| 610 |
1 |
|
|a труд
|
| 610 |
1 |
|
|a заработная плата
|
| 610 |
1 |
|
|a капитал
|
| 610 |
1 |
|
|a природные ресурсы
|
| 610 |
1 |
|
|a предприятия
|
| 610 |
1 |
|
|a бизнес
|
| 610 |
1 |
|
|a учебные пособия
|
| 686 |
|
|
|a У012.1я73
|v LBC/SL-A
|2 rubbk
|
| 702 |
|
1 |
|a Грязнова
|b А. Г.
|4 340
|
| 702 |
|
1 |
|a Юданов
|b А. Ю.
|4 340
|
| 712 |
0 |
2 |
|a Финансовая академия при Правительстве Российской Федерации
|2 stltpush
|3 (RuTPU)RU\TPU\col\159
|
| 801 |
|
1 |
|a RU
|b 63413507
|c 20101102
|
| 801 |
|
2 |
|a RU
|b 63413507
|c 20181121
|g RCR
|
| 900 |
|
|
|a Микроэкономика
|
| 942 |
|
|
|c BK
|
| 952 |
|
|
|b 080105
|b 080109
|b 080102
|b 080107
|
| 959 |
|
|
|a 72/20101012
|d 1
|e 300,00
|f ЧЗГЛ:1
|
| 959 |
|
|
|a 32/20110323
|d 30
|e 300,00
|f АНЛ:1
|f УФ:29
|